| 000 | 00426nam a22001457a 4500 | ||
|---|---|---|---|
| 082 |
_a370.95491 _bHAY _cL-30-II, P-199 |
||
| 100 |
_aHayes, Louis D _938259 |
||
| 245 |
_aThe crisis of education in Pakistan _cHayes, Louis D |
||
| 260 |
_aLahore _bVanguard Books ltd lahore _c1987 |
||
| 300 | _a196 p.: | ||
| 526 |
_a0 _b0 _c0 _d370_954910000000000_HAY |
||
| 650 |
_aMCE _9379 |
||
| 700 |
_aHayes, Louis D _938259 |
||
| 942 |
_2ddc _cBK |
||
| 999 |
_c542900 _d542900 |
||